| 000 | 00477cam a22001934a 4500 | ||
|---|---|---|---|
| 005 | 20250605164325.0 | ||
| 008 | 250528s ||||||||||||||||||||||||d | ||
| 035 | _a23000 | ||
| 020 | _a9780631198833 | ||
| 040 |
_aGR-AtMCL _bgre _dGR-AtMCL _eAACR2 |
||
| 245 | 1 | _aTHE BRITISH PRESS AND BROADCASTING | |
| 250 | _a2 | ||
| 260 |
_bBlackwell Publishers, _c1996 |
||
| 300 | _a289 | ||
| 700 | 1 |
_aSeymour-Ure Colin _94962 |
|
| 942 | _cBK | ||
| 999 |
_c8041 _d8041 |
||